| 000 | 00526nac a22001691u 4500 | ||
|---|---|---|---|
| 020 | _a81258794314 | ||
| 082 |
_a627.52 _bSAH |
||
| 090 |
_c9725 _d9725 |
||
| 100 | _aSahasrabudhe, S.R. | ||
| 245 |
_aIrrigation Engineering / _cS.R. Sahasrabudhe |
||
| 260 |
_aDelhi: _bS.K. Kataria & Sons,C.2000. _cC.2000. |
||
| 300 |
_a429: _bill; _c20cm. |
||
| 500 | _aDistributer: Al-Ahram. | ||
| 511 | _aCatalogued By: Mahitab. | ||
| 650 | _aIrrigation engineering. | ||
| 942 |
_cBB _k627.52SAH |
||
| 999 |
_c9725 _d9725 |
||